Normal view MARC view
  • Hira D.S. & Gupta

Entry Personal Name

Number of records used in: 1

001 - CONTROL NUMBER

  • control field: 185824

003 - CONTROL NUMBER IDENTIFIER

  • control field: OSt

005 - DATE AND TIME OF LATEST TRANSACTION

  • control field: 20230714205442.0

008 - FIXED-LENGTH DATA ELEMENTS

  • fixed length control field: 230714|| aca||aabn | a|a d

040 ## - CATALOGING SOURCE

  • Original cataloging agency: OSt
  • Transcribing agency: OSt

100 ## - HEADING--PERSONAL NAME

  • Personal name: Hira D.S. & Gupta

670 ## - SOURCE DATA FOUND

  • Source citation: Work cat.: (OSt)170977: Hira D.S. 156313, Operations Research, 1994